Normal view MARC view

Entry Nombre corporativo

Number of records used in: 1

001 - NÚMERO DE CONTROL

  • campo de control: 37323

003 - IDENTIFICADOR DE NÚMERO DE CONTROL

  • campo de control: OSt

005 - FECHA Y HORA DE LA ÚLTIMA TRANSACCIÓN

  • campo de control: 20221005161742.0

008 - ELEMENTOS DE DATO DE LONGITUD-FIJA

  • campo de control de longitud fija: 221005|| aca||aabn | a|a d

040 ## - FUENTE DE CATALOGACIÓN

  • Centro catalogador/agencia de origen: OSt
  • Centro/agencia transcriptor: OSt

110 ## - ENCABEZAMIENTO-NOMBRE DE ENTIDAD CORPORATIVA

  • Nombre de entidad corporativa o nombre de jurisdicción como elemento de entrada: ENCUENTROS DE SECRETARIAS DE LA MUJER DE LA FEDERACION DE ENSEÑANZA DE CCOO
  • Fecha del congreso o de la firma del tratado: 1997
  • Sede del congreso/Lugar de la reunión: Madrid
  • Número del congreso/reunión o número de parte o sección: 2

670 ## - FUENTE DE DATOS ENCONTRADOS

  • Cita de la fuente: Work cat.: (OSt)56173: ENCUENTROS DE SECRETARIAS DE LA MUJER DE LA FEDERACION DE ENSEÑANZA DE CCOO 1997 Madrid 2, Creando red, cambiando el pensamiento :, 1997

Powered by Koha